Změny v mezinárodním obchodu a světové výrobě ve světle nových trendů globalizace

Základný rámec a povojnová interpretácia globalizácie. Posuny globalizačného procesu v priebehu druhej vlny. Nové scénare globalizácie. Príčiny zmien medzinárodného obchodu. Zmeny medzinárodnej výroby.

Enregistré dans:
Détails bibliographiques
Auteur principal: Neumann, Pavel
Format: Chapitre de livre
Langue:tchèque
Sujets:
Tags: Ajouter un tag
Pas de tags, Soyez le premier à ajouter un tag!

MARC

LEADER 00000naa a2200000 4500
001 0229662
005 20220805075851.4
041 0 |a cze 
044 |a SK 
245 1 0 |a Změny v mezinárodním obchodu a světové výrobě ve světle nových trendů globalizace  |c Pavel Neumann 
520 |a Základný rámec a povojnová interpretácia globalizácie. Posuny globalizačného procesu v priebehu druhej vlny. Nové scénare globalizácie. Príčiny zmien medzinárodného obchodu. Zmeny medzinárodnej výroby. 
610 2 0 |a globalizácia 
610 2 0 |a obchod zahraničný 
610 2 0 |a obchod medzinárodný 
610 2 0 |a vzťahy medzinárodné 
610 2 0 |a analýza komparatívna 
610 2 0 |a história 
610 2 0 |a výroba 
100 1 |a Neumann, Pavel